The silk and spice routes. (Record no. 14044)
[ view plain ]
| 000 -LEADER | |
|---|---|
| fixed length control field | 00451pam a2200169 a 4500 |
| 020 ## - INTERNATIONAL STANDARD BOOK NUMBER | |
| ISBN | 0027263150 |
| 040 ## - CATALOGING SOURCE | |
| Transcribing agency | DLC |
| 082 00 - DEWEY DECIMAL CLASSIFICATION NUMBER | |
| Classification number | 909 UNE 1994 A104 Or. |
| 100 1# - MAIN ENTRY--AUTHOR NAME | |
| Personal name | Reid, Struan. |
| 245 14 - TITLE STATEMENT | |
| Title | The silk and spice routes. |
| 260 ## - PUBLICATION, DISTRIBUTION, ETC. (IMPRINT) | |
| Place of publication | New York : |
| Name of publisher | New Discovery Books : |
| -- | Unesco Pub., |
| Year of publication | 1994. |
| 300 ## - PHYSICAL DESCRIPTION | |
| Number of Pages | 45 p. : |
| Other physical details | ill. (some col.), map ; |
| Dimensions | 29 cm. |
| 500 ## - GENERAL NOTE | |
| General note | Includes index. |
| 650 #0 - SUBJECT ADDED ENTRY--TOPICAL TERM | |
| Topical Term | East and West |
| 650 #0 - SUBJECT ADDED ENTRY--TOPICAL TERM | |
| Topical Term | Trade routes |
| 942 ## - ADDED ENTRY ELEMENTS (KOHA) | |
| Koha item type | សៀវភៅភាសាអង់គ្លេស |
| 952 ## - LOCATION AND ITEM INFORMATION (KOHA) | |
| Withdrawn status [LOCAL, KOHA] | 0 |
| Permanent Location | Date acquired | Koha item type | Lost status | Shelving location | Barcode | Current Location | Full call number |
|---|---|---|---|---|---|---|---|
| Library Block A | 2017-10-05 | សៀវភៅភាសាអង់គ្លេស | A104 | A21610 | Library Block A | 909 UNE 1994 A104 Or. |